00600pab a2200169 454500008003600000100003200036245010200068362002700170650002500197650002400222650002200246650002000268773003900288909001000327999001700337952007600354180718b xxu||||| |||| 00| 0 eng d aRobinson John P. and others aEthnonationalist and political attitudes among post Soviet youth: the cas e of Russia and Ukraine a26(3) Sep 93, p.516-21 a Students -- Ukraine a Students -- Russia a Youth -- Ukraine aYouth -- Russia aPS: Political Science and Politics a25314 c25314d25314 00104070aIIPAbIIPAd2018-07-19pAR25386r2018-07-19w2018-07-19yAR